header

Banking across boundaries (Record no. 64932)

MARC details
000 -LEADER
fixed length control field 01651nam a2200385 a 4500
082 04 - DEWEY DECIMAL CLASSIFICATION NUMBER
Classification number 332.1/5
100 1# - MAIN ENTRY--AUTHOR NAME
Personal name Christophers, Brett,
245 10 - TITLE STATEMENT
Title Banking across boundaries
260 ## - PUBLICATION, DISTRIBUTION, ETC. (IMPRINT)
Place of publication Chichester ;
-- Malden, Mass. :
Name of publisher John Wiley & Sons,
Year of publication 2013.
300 ## - PHYSICAL DESCRIPTION
Number of Pages xi, 290 p. :
Other physical details ill.
505 0# - FORMATTED CONTENTS NOTE
Formatted contents note The birth of economic productiveness -- Instrumental internationalism -- Enclosing the unproductive -- America, and boundaries breached -- Layering the logics of free trade in banking -- Anaemic geographies of productive finance.
650 #0 - SUBJECT ADDED ENTRY--TOPICAL TERM
Topical Term Finance.
Topical Term Banks and banking.
Topical Term Banks and banking, International.
Topical Term International finance.
Topical Term Capitalism.
856 40 - ELECTRONIC LOCATION AND ACCESS
Uniform Resource Identifier http://site.ebrary.com/lib/rucke/Doc?id=10657935

No items available.

© 2026 Rongo University
Contact us: librarian | system librarian | Rongo university